000 00701nam a2200205 a 4500
001 000027395
005 20230306100131.0
008 091126s2012 dr 000 0 spa d
040 _aDO-SdBNP
_bspa
_cBNPHU
082 _a342.023
_bR426c, 2012
110 1 _aRepública Dominicana.
_9447
240 1 0 _a[Leyes,etc]
245 1 0 _aConstitución comentada /.
250 _a3ª ed.
260 _aSanto Domingo :
_bFundación Institucionalidad y Justicia (FINJUS),
_c2012.
300 _a385 p. ; :
_b24 cm.
651 4 _aRepública Dominicana
_xConstitución (1966{Rpara}
_910405
651 4 _aRepública Dominicana
_xDerecho Constitucional
_99303
710 1 2 _aFundación Institucionalidad y Justicia
_919649
999 _c26887
_d26887